000 00701nam a2200253Ia 4500
003 OSt
005 20220925204922.0
006 a|||||r|||| 00| 0
007 ta
008 220923b |||||||| |||| 00| 0 eng d
020 _a9027979588
037 _cGeneral Book
040 _aRTL
_cRTL
_beng
041 _2eng
_aeng
082 _aY7jNW, M0
100 _aDiamond Stanley Ed.
_9133482
245 0 _aTheory and practice
_b Essays presented to gene Weltfish
260 _aHague
_bMouton
_c1980
300 _axii, 362p
_ccm.
500 _aBibliography Chapterwise
650 _aRace
942 _hY7jNW, M0
_cGB
_2CC
999 _c550799
_d550799